000 00275nam a2200097Ia 4500
082 _aJ 949.703 CHIL
245 0 _aGenocide and the Bosnian war
100 _a Ching, Jacqueline New York, 2009 1st ed
_970016
942 _cBK
008 210817s9999 xx 000 0 und d
999 _c254074
_d254073